00562cam a2200157 4500008004100000020001500041035001200056050002200068100003000090245011100120250001100231260004200242300003000284650004800314650004200362090513s2003 sp 000 0 spa u a8497722299 aa48115004aKKT850 bB87 20031 aBustos Moreno, Yolanda B.13aLa responsabilidad civil en la navegación aérea :blos daños a terceros /cYolanda B. Bustos Moreno. a1a ed. aMadrid, España :bDYKINDSON, c2003 a588 páginas ;c21 cm.  7aResponsabilidad (Derecho) zEspaña 2Lemb 7aDerecho aeronautico zEspaña 2Lemb